000 00440nam a2200181Ia 4500
001 8904
005 20260306160644.0
008 260306t2016||||xx |||||||||||||| ||spa||
041 _aESP
082 _a371.9046
_bC32
100 _aCasanova, M. Antonia
_eAUT
245 0 _aEducación inclusiva:
_bun modelo de futuro
260 _c2016
300 _a278 páginas :
_c24 cm.
650 _aGEN
654 _aCED
942 _cLIB
_dJUS
_fJUS
_2ddc
_n
999 _c8904
_d8904